Statistiques concernant Culture Générale - Série 1486

Cliquez ici pour prendre le quiz!

Statistiques générales

  • Ce quiz a été pris 47 fois
  • Le résultat moyen est 8 sur 10

Statistiques - réponses

HintRéponse% Correct
Lorsqu'un automobiliste se rabat brusquement devant vous après vous avoir dépassé, on dit qu'il vous a fait une "queue de...poisson
98%
Quand elle met bas, quelle femelle pouline ?jument
93%
Dans quelle partie de la Grande-Bretagne peut-on se promener dans les Highlands ?Écosse
91%
Quel navigateur portugais découvrit en 1520, le détroit qui porte aujourd'hui son nom ?Fernand de Magellan
88%
En 1971, quel acteur incarne Don Salluste de Bazan dans "La Folie des grandeurs" de Gérard Oury ?Louis de Funès
86%
Au 1000 Bornes, combien de kilomètres parcourez-vous, si vous jouez la carte sur laquelle figure un lièvre ?100
86%
Quel mot composé anglais désigne l'électrophone des lieux publics, qui permet d'écouter un disque après avoir inséré une pièce ?juke-box
81%
Quels sont les deux pays qui se partagent l'extrémité méridionale du continent américain : la Patagonie ?Argentine et Chili
70%
Quel adjectif hébreu signifiant "convenable", qualifie un aliment conforme aux prescriptions rituelles du judaïsme ?casher
56%
En 2010, quelle partie antérieure du corps humain les équipes du professeur Lantieri ont-ils totalement greffée, pour la première fois au monde ?visage
51%

Distribution des résultats

Percentile par nombre de réponses

% des personnes avec chaque résultat

Votre développement - résultats

Vous n’avez pas pris ce quiz